00928nam a2200217 i 4500001000700000003000900007005001700016007000300033008004100036020001800077100003700095245019400132250001300326260008200339300004000421650003700461710003800498852003300536999001900569952012200588107577ES-MaACL20230906184441.0t|061121s1979 sp r ||||1| spa d a84-00-04409-61 aMorterero Simon, Conrado.98371710aApuntes de iniciación a la paleografía española de los siglos XII a XVII b: lecciones pronunciadas en la Escuela de Genealogía Heráldica y Nobiliaria / cConrado Morterero Simon. a2ª. ed. aMadrid : bHidalguía, Instituto Luis de Salazar y Castro (C.S.I.C.),c1979. a82 p., 22 lám. : bil. ; c25 cm.04aPaleografía-zEspaña.9158042 aInstituto Salazar y Castro.95230 aES-MaACLjL-10565 bR.111012 c107577d107577 00104070aATENEOMbATENEOMcDEPO2d2008-01-17eSCl0oL-10565p1112271r2023-02-23 00:00:00w2023-02-23yMONOGRAFIA